[Event "Bad Kissingen"]
[Site "Bad Kissingen"]
[Date "1980.??.??"]
[Round "?"]
[White "Unzicker, Wolfgang"]
[Black "Spassky, Boris V"]
[Result "1/2-1/2"]
[WhiteElo "2510"]
[BlackElo "2615"]
[PlyCount "34"]
[EventDate "1980.01.??"]
[Source "ChessBase"]

1. d4 d5 2. c4 e6 3. Nc3 Nf6 4. Nf3 Be7 5. Bg5 h6 6. Bh4 O-O 7. e3 Ne4 8. Bxe7 Qxe7 9. cxd5 Nxc3 10. bxc3 exd5 11. Qb3 c6 12. Bd3 b6 13. O-O Nd7 14. c4 dxc4 15. Bxc4 c5 16. a4 cxd4 17. Nxd4 Nc5 1/2-1/2

[Event "RUS-ch"]
[Site "Elista"]
[Date "1995.??.??"]
[Round "2"]
[White "Burmakin, Vladimir"]
[Black "Korneev, Oleg"]
[Result "1-0"]
[WhiteElo "2500"]
[BlackElo "2605"]
[PlyCount "75"]
[EventDate "1995.10.??"]
[Source "ChessBase"]

1. d4 d5 2. Nf3 Nf6 3. c4 e6 4. Nc3 Be7 5. Bg5 O-O 6. e3 h6 7. Bh4 Ne4 8. Bxe7 Qxe7 9. cxd5 Nxc3 10. bxc3 exd5 11. Qb3 Rd8 12. Bd3 c5 13. Qb2 Nc6 14. O-O Bg4 15. Nd2 Rac8 16. Rae1 b6 17. h3 Be6 18. f4 cxd4 19. exd4 Qf6 20. f5 Bd7 21. Re3 Re8 22. Rg3 Qd6 23. Rgf3 f6 24. Nb3 Nd8 25. Qd2 Nf7 26. Re1 Rxe1+ 27. Qxe1 Re8 28. Re3 Rxe3 29. Qxe3 Kf8 30. Nc1 Qa3 31. Ne2 Qxa2 32. Nf4 Qa1+ 33. Kh2 Qa3 34. Nxd5 Qd6+ 35. Nf4 b5 36. Kg1 a5 37. Qe4 Bc6 38. Ng6+ 1-0

[Event "RUS-Cup"]
[Site "Krasnodar"]
[Date "1998.??.??"]
[Round "5"]
[White "Kobalija, Mihail"]
[Black "Korneev, Oleg"]
[Result "1/2-1/2"]
[WhiteElo "2500"]
[BlackElo "2560"]
[PlyCount "81"]
[EventDate "1998.??.??"]
[Source "www.chesslib.no"]
[SourceDate "2004.05.04"]

1. d4 d5 2. c4 e6 3. Nc3 Be7 4. Nf3 Nf6 5. Bg5 h6 6. Bh4 O-O 7. e3 Ne4 8. Bxe7 Qxe7 9. cxd5 Nxc3 10. bxc3 exd5 11. Qb3 Rd8 12. c4 dxc4 13. Bxc4 Nc6 14. Qc3 Bg4 15. O-O Bxf3 16. gxf3 Qf6 17. Be2 Rac8 18. Rab1 b6 19. f4 Ne7 20. Ba6 Qg6+ 21. Kh1 Nd5 22. Qd3 Qxd3 23. Bxd3 c5 24. Ba6 Rc7 25. dxc5 Rxc5 26. Rfd1 Rb8 27. Rbc1 Rxc1 28. Rxc1 Kf8 29. a3 Rd8 30. Bb5 Ke7 31. Kg2 f5 32. Kf3 g5 33. fxg5 hxg5 34. h3 Rh8 35. Kg2 f4 36. e4 Nf6 37. e5 Ne4 38. Rc6 Rd8 39. Rc7+ Ke6 40. Kf3 Nc5 41. Rxa7 1/2-1/2

[Event "Moscow Aeroflot op"]
[Site "Moscow"]
[Date "2002.02.06"]
[Round "3"]
[White "Kosyrev, Vladimir"]
[Black "Podgaets, Mikhail"]
[Result "1/2-1/2"]
[WhiteElo "2565"]
[BlackElo "2490"]
[PlyCount "39"]
[EventDate "2002.02.04"]
[Source "ChessBase"]
[SourceDate "2002.03.21"]

1. d4 Nf6 2. c4 e6 3. Nf3 d5 4. Bg5 Be7 5. Nc3 O-O 6. e3 h6 7. Bh4 Ne4 8. Bxe7 Qxe7 9. cxd5 Nxc3 10. bxc3 exd5 11. Qb3 Rd8 12. c4 dxc4 13. Bxc4 Nc6 14. Be2 b6 15. O-O Bb7 16. Rfc1 Na5 17. Qa4 Rac8 18. Rc3 c5 19. Rac1 cxd4 20. Nxd4 1/2-1/2

[Event "Camp. spagnolo a squadre - Gruppo I"]
[Site "Cala Mayor SPA"]
[Date "2008.09.06"]
[Round "4"]
[White "Malakhatko, V."]
[Black "Vang Glud, J."]
[Result "1-0"]
[WhiteElo "2612"]
[BlackElo "2441"]
[PlyCount "135"]
[EventDate "2008.09.03"]
[Source "www.chesslib.no"]
[SourceDate "2004.05.04"]

1. d4 d5 2. c4 e6 3. Nf3 Nf6 4. Bg5 Be7 5. e3 O-O 6. Nc3 h6 7. Bh4 Ne4 8. Bxe7 Qxe7 9. cxd5 Nxc3 10. bxc3 exd5 11. c4 Be6 12. Qb3 Rd8 13. c5 b6 14. Rc1 Nd7 15. cxb6 axb6 16. Rxc7 Ra3 17. Qb1 Qd6 18. Rc1 Rda8 19. Bb5 Bf5 20. Qxf5 Qb4+ 21. Nd2 Qxb5 22. Rb1 Qc6 23. O-O Rxa2 24. Nf3 Rc2 25. Ne5 Nxe5 26. Qxe5 b5 27. h4 Rc4 28. Rb3 Rc1 29. Rxc1 Qxc1+ 30. Kh2 Qc4 31. Rb2 Rd8 32. Qe7 Rc8 33. Qb7 Rd8 34. Rxb5 Qe2 35. Qc7 Qxb5 36. Qxd8+ Kh7 37. Qc7 Kg8 38. Qc8+ Kh7 39. Qf5+ Kg8 40. Qe5 Qd7 41. h5 Qd8 42. g3 Qa8 43. Qc7 Qe8 44. Qe5 Qa8 45. Kg2 Qd8 46. Qf5 Qa8 47. Qd7 Kf8 48. g4 Kg8 49. Kh3 Kf8 50. Kh4 Kg8 51. Kh3 Kf8 52. Qd6+ Kg8 53. Kg3 Kh7 54. Qe5 Qd8 55. e4 dxe4 56. Qxe4+ Kg8 57. Qe5 Qb6 58. d5 Qb3+ 59. Kg2 Qd1 60. Qe8+ Kh7 61. Qd7 Qd4 62. d6 Qe4+ 63. Kg3 Qh1 64. Qf5+ Kg8 65. Qc8+ Kh7 66. Qc2+ g6 67. hxg6+ fxg6 68. Qc7+ 1-0

[Event "FRA-ch"]
[Site "Meribel"]
[Date "1998.08.23"]
[Round "10"]
[White "Hauchard, Arnaud"]
[Black "Marciano, David"]
[Result "1/2-1/2"]
[WhiteElo "2500"]
[BlackElo "2525"]
[PlyCount "64"]
[EventDate "1998.08.14"]
[Source "ChessBase"]
[SourceDate "1998.11.30"]

1. d4 d5 2. c4 e6 3. Nc3 Be7 4. Nf3 Nf6 5. Bg5 h6 6. Bh4 O-O 7. e3 Ne4 8. Bxe7 Qxe7 9. cxd5 Nxc3 10. bxc3 exd5 11. Qb3 Rd8 12. c4 dxc4 13. Bxc4 Nc6 14. Be2 b6 15. O-O Bb7 16. Rfc1 Na5 17. Qb2 Rac8 18. Rc3 c5 19. Rac1 cxd4 20. Nxd4 Rxc3 21. Rxc3 Qe5 22. Qc2 Rd5 23. f4 Qe8 24. h3 Rc5 25. Nf5 Be4 26. Rxc5 bxc5 27. Qxc5 Bxf5 28. Qxf5 Qxe3+ 29. Kf1 Qc1+ 30. Kf2 Qd2 31. Qc8+ Kh7 32. Qf5+ Kg8 1/2-1/2

[Event "Ubeda op"]
[Site "Ubeda"]
[Date "1996.??.??"]
[Round "?"]
[White "Pogorelov, Ruslan"]
[Black "Suba, Mihai"]
[Result "1-0"]
[WhiteElo "2440"]
[BlackElo "2565"]
[PlyCount "53"]
[EventDate "1996.01.??"]
[Source "ChessBase"]

1. Nf3 Nf6 2. c4 e6 3. Nc3 d5 4. d4 Be7 5. Bg5 O-O 6. e3 h6 7. Bh4 Ne4 8. Bxe7 Qxe7 9. cxd5 Nxc3 10. bxc3 exd5 11. Qb3 Rd8 12. c4 dxc4 13. Bxc4 Nc6 14. Be2 b6 15. O-O Na5 16. Qb2 Bb7 17. Rac1 Rac8 18. Ne5 c5 19. Bh5 Bd5 20. Bg4 Rc7 21. dxc5 Rxc5 22. Rxc5 Qxc5 23. Rd1 Qc7 24. Qd4 Nb7 25. Qa1 Rd6 26. Bf3 Qd8 27. Rxd5 1-0

[Event "RUS-Cup2"]
[Site "Moscow"]
[Date "1996.??.??"]
[Round "6"]
[White "Kiselev, Sergey"]
[Black "Yegiazarian, Arsen"]
[Result "1/2-1/2"]
[WhiteElo "2545"]
[BlackElo "2455"]
[PlyCount "77"]
[EventDate "1996.11.28"]
[Source "www.chesslib.no"]
[SourceDate "2004.05.04"]

1. d4 Nf6 2. c4 e6 3. Nf3 d5 4. Nc3 Be7 5. Bg5 h6 6. Bh4 O-O 7. e3 Ne4 8. Bxe7 Qxe7 9. cxd5 Nxc3 10. bxc3 exd5 11. Be2 c5 12. dxc5 Qxc5 13. Qb3 Nc6 14. O-O b6 15. Rfd1 Be6 16. Nd4 Rac8 17. Qb2 Ne5 18. Rac1 Bg4 19. Bxg4 Nxg4 20. h3 Nf6 21. Rd3 Qe7 22. Rcd1 Rc5 23. Ne2 Rfc8 24. Qb3 Ra5 25. a4 Ne4 26. Rxd5 Qf6 27. Nf4 Rxd5 28. Qxd5 Nxc3 29. Qd7 Qc6 30. Qxc6 Rxc6 31. Rd8+ Kh7 32. Rd7 a5 33. Rxf7 Nxa4 34. Ra7 Nc5 35. Ne2 Nd3 36. g4 h5 37. Nd4 Rc1+ 38. Kg2 hxg4 39. hxg4 1/2-1/2

[Event "It (Open) Antalya TUR"]
[Site "?"]
[Date "2006.02.06"]
[Round "8"]
[White "Atalik Suat"]
[Black "Lamoureux Charles"]
[Result "1-0"]
[WhiteElo "2618"]
[BlackElo "2379"]
[PlyCount "85"]
[EventDate "2006.??.??"]
[Source "www.chesslib.no"]
[SourceDate "2004.05.04"]

1. d4 Nf6 2. c4 e6 3. Nc3 d5 4. Bg5 Be7 5. e3 O-O 6. Nf3 h6 7. Bh4 Ne4 8. Bxe7 Qxe7 9. cxd5 Nxc3 10. bxc3 exd5 11. Qb3 Rd8 12. c4 dxc4 13. Bxc4 Nc6 14. Qc3 Bg4 15. O-O Bxf3 16. gxf3 Qf6 17. Be2 Rd7 18. Rab1 Nd8 19. Rb3 b6 20. Rc1 Ne6 21. f4 Rad8 22. Kh1 Qh4 23. Rb2 c5 24. dxc5 Nxc5 25. Rg1 f5 26. f3 Kh8 27. Bb5 Qh5 28. e4 Re7 29. Rbg2 Rd3 30. Bxd3 Qxf3 31. Rf1 Qxd3 32. Qxd3 Nxd3 33. exf5 Re4 34. Rd1 Nxf4 35. Rg4 Nd3 36. Rxe4 Nf2+ 37. Kg1 Nxe4 38. Rd8+ Kh7 39. Rd7 a5 40. Rb7 Kg8 41. Rxb6 Nc3 42. a3 Kf7 43. Ra6 1-0

[Event "Batumi 85/393"]
[Site "?"]
[Date "2002.??.??"]
[Round "?"]
[White "Jobava, Ba"]
[Black "Shengelia, D."]
[Result "0-1"]
[WhiteElo "2566"]
[BlackElo "2415"]
[PlyCount "68"]
[EventDate "2002.??.??"]
[Source "Chess Informant"]
[SourceDate "2002.06.01"]

1. d4 d5 2. c4 e6 3. Nc3 Nf6 4. Bg5 Be7 5. e3 O-O 6. Nf3 h6 7. Bh4 Ne4 8. Bxe7 Qxe7 9. cxd5 Nxc3 10. bxc3 exd5 11. Qb3 Rd8 12. c4 Be6 13. Qxb7 Qa3 14. Rb1 Qxa2 15. cxd5 Bf5 16. Rc1 Qa3 17. Qxc7 Nc6 18. Rd1 Rac8 19. Qf4 Bc2 20. dxc6 Bxd1 21. Kxd1 Rxc6 22. Nd2 Qc1+ 23. Ke2 Rc2 24. Kf3 Qxd2 25. Kg3 Rc3 26. Kg4 Qd1+ 27. f3 Qd2 28. e4 Rxd4 29. Qe5 Rd6 30. Qe8+ Kh7 31. Qxf7 Qg5+ 32. Kh3 Rf6 33. Qd5 Rfxf3+ 34. g3 Rxg3+ 0-1

[Event "CRO-chT2"]
[Site "Tucepi"]
[Date "1996.??.??"]
[Round "?"]
[White "Komljenovic, Davor"]
[Black "Marciano, David"]
[Result "1/2-1/2"]
[WhiteElo "2475"]
[BlackElo "2495"]
[PlyCount "30"]
[EventDate "1996.??.??"]
[Source "www.chesslib.no"]
[SourceDate "2004.05.04"]

1. d4 Nf6 2. c4 e6 3. Nf3 d5 4. Nc3 Be7 5. Bg5 O-O 6. e3 h6 7. Bh4 Ne4 8. Bxe7 Qxe7 9. cxd5 Nxc3 10. bxc3 exd5 11. Qb3 Rd8 12. c4 dxc4 13. Bxc4 Nc6 14. Be2 b6 15. O-O Bb7 1/2-1/2

[Event "Hoogovens-B"]
[Site "Wijk aan Zee NED"]
[Date "1974.01.??"]
[Round "15"]
[White "Popov, Luben S"]
[Black "Kurajica, Bojan"]
[Result "1/2-1/2"]
[WhiteElo "2460"]
[BlackElo "2510"]
[PlyCount "68"]
[EventDate "1974.01.??"]
[Source "www.chesslib.no"]
[SourceDate "2004.05.04"]

1. d4 d5 2. c4 e6 3. Nc3 Nf6 4. Nf3 Be7 5. Bg5 O-O 6. e3 h6 7. Bh4 Ne4 8. Bxe7 Qxe7 9. cxd5 Nxc3 10. bxc3 exd5 11. Qb3 c6 12. c4 Be6 13. cxd5 Bxd5 14. Bc4 Bxc4 15. Qxc4 Nd7 16. Rb1 Nb6 17. Qb3 c5 18. O-O Rfc8 19. Rfd1 Rc7 20. dxc5 Qxc5 21. Nd4 Rd8 22. h3 Rcd7 23. Rdc1 Qa5 24. Rc2 Nd5 25. Rbc1 Ne7 26. Rc5 Qa6 27. Rc7 Nc6 28. Rxd7 Rxd7 29. Nxc6 bxc6 30. Qb8+ Kh7 31. Qe8 Rc7 32. Qe4+ Kg8 33. Qe8+ Kh7 34. Qe4+ Kg8 1/2-1/2

[Event "RUS-Cup"]
[Site "Tula "]
[Date "1999.??.??"]
[Round "5"]
[White "Polovodin, Igor A"]
[Black "Kiselev, Sergey"]
[Result "1/2-1/2"]
[WhiteElo "2468"]
[BlackElo "2500"]
[PlyCount "25"]
[EventDate "1999.??.??"]
[Source "www.chesslib.no"]
[SourceDate "2004.05.04"]

1. d4 d5 2. c4 e6 3. Nf3 Nf6 4. Nc3 Be7 5. Bg5 O-O 6. e3 h6 7. Bh4 Ne4 8. Bxe7 Qxe7 9. cxd5 Nxc3 10. bxc3 exd5 11. Be2 c5 12. O-O Nc6 13. Rb1 1/2-1/2

[Event "Korinthos op 6th"]
[Site "Korinthos"]
[Date "2002.07.31"]
[Round "9"]
[White "Rychagov, Andrey"]
[Black "Managadze, Nikoloz"]
[Result "0-1"]
[WhiteElo "2537"]
[BlackElo "2428"]
[PlyCount "78"]
[EventDate "2002.07.23"]
[Source "ChessBase"]
[SourceDate "2002.09.11"]

1. d4 d5 2. c4 e6 3. Nf3 Nf6 4. Nc3 Be7 5. Bg5 h6 6. Bh4 O-O 7. e3 Ne4 8. Bxe7 Qxe7 9. cxd5 Nxc3 10. bxc3 exd5 11. Qb3 Rd8 12. c4 dxc4 13. Bxc4 Nc6 14. Be2 b6 15. O-O Bb7 16. Rac1 Rac8 17. Rc3 Na5 18. Qb2 c5 19. Qa3 Kf8 20. Rd1 Bxf3 21. Bxf3 cxd4 22. Qxe7+ Kxe7 23. Rxc8 Rxc8 24. exd4 Kd6 25. Be4 Rc3 26. Kf1 Nc4 27. Ke2 Ra3 28. Bb1 Kd5 29. g3 b5 30. f3 b4 31. Be4+ Kd6 32. Bb1 a5 33. Re1 Kd5 34. Rd1 a4 35. Be4+ Kd6 36. Bb1 Nb6 37. Rd2 Nd5 38. Rb2 Nc3+ 39. Ke1 b3 0-1

[Event "Zemun"]
[Site "?"]
[Date "1980.06.02"]
[Round "1"]
[White "Ivkov Borislav"]
[Black "Ciric Dragoljub M"]
[Result "1-0"]
[WhiteElo "2530"]
[BlackElo "2430"]
[PlyCount "81"]
[EventDate "1980.??.??"]
[Source "www.chesslib.no"]
[SourceDate "2004.05.04"]

1. d4 d5 2. c4 e6 3. Nc3 Nf6 4. Bg5 Be7 5. Nf3 O-O 6. e3 h6 7. Bh4 Ne4 8. Bxe7 Qxe7 9. cxd5 Nxc3 10. bxc3 exd5 11. Qb3 Rd8 12. c4 dxc4 13. Bxc4 Nc6 14. Be2 Rd6 15. O-O Be6 16. Qc3 Bd5 17. Rfc1 Re8 18. Ne1 f5 19. Bc4 Qf7 20. Nd3 g5 21. g3 Re7 22. Rab1 Nd8 23. Rb5 c6 24. Bxd5 Rxd5 25. Rxd5 Qxd5 26. Qa3 Qe6 27. Qxa7 Nf7 28. Qa3 Qe4 29. Qb3 Kh7 30. h3 b6 31. Qc2 Re6 32. Nb4 c5 33. dxc5 bxc5 34. Qxc5 Ne5 35. Qd5 Nf3+ 36. Kg2 Nd2+ 37. Qxe4 fxe4 38. Nc6 h5 39. a4 g4 40. hxg4 hxg4 41. a5 1-0

[Event "2nd Open, Salou ESP"]
[Site "?"]
[Date "2000.??.??"]
[Round "4"]
[White "Komljenovic, D."]
[Black "Pogorelov, R."]
[Result "1/2-1/2"]
[WhiteElo "2510"]
[BlackElo "2445"]
[PlyCount "179"]
[EventDate "2000.??.??"]
[Source "www.chesslib.no"]
[SourceDate "2004.05.04"]

1. Nf3 Nf6 2. c4 e6 3. Nc3 d5 4. d4 Be7 5. Bg5 h6 6. Bh4 O-O 7. e3 Ne4 8. Bxe7 Qxe7 9. cxd5 Nxc3 10. bxc3 exd5 11. Qb3 Rd8 12. Be2 c5 13. Qa3 b6 14. O-O Bb7 15. Ne5 Nc6 16. Nxc6 Bxc6 17. Rfd1 Kf8 18. dxc5 Qxc5 19. Qb2 Rac8 20. Rd4 Bb7 21. Rc1 Qe7 22. Rcd1 Kg8 23. Qd2 Bc6 24. e4 Re8 25. Ba6 Bb7 26. Bxb7 Qxb7 27. exd5 Qc7 28. d6 Qd7 29. Re1 Rxe1+ 30. Qxe1 Re8 31. Qd2 b5 32. h3 a6 33. Qd3 Re1+ 34. Kh2 Re6 35. f4 g6 36. a4 Rf6 37. axb5 axb5 38. Rd5 h5 39. Qd4 Re6 40. Qc5 Kg7 41. Rd4 Kh7 42. f5 Rf6 43. fxg6+ fxg6 44. Rd1 Rf5 45. Qd4 Rf7 46. c4 bxc4 47. Qxc4 Rf6 48. Qc7 Qxc7 49. dxc7 Rc6 50. Rd7+ Kh6 51. Kg3 Kg5 52. Rf7 Rc3+ 53. Kf2 Kh4 54. Rg7 Kg5 55. Ke2 Kf6 56. Kd2 Rc6 57. Rh7 Ke5 58. Kd3 Rc5 59. g3 Rc6 60. g4 hxg4 61. hxg4 Rc1 62. g5 Kd5 63. Rd7+ Ke6 64. Rg7 Ke5 65. Rh7 Kd5 66. Ke3 Rc3+ 67. Kf4 Rc4+ 68. Ke3 Rc3+ 69. Kd2 Rc4 70. Rg7 Ke5 71. Rd7 Ke6 72. Rg7 Ke5 73. Kd3 Rc1 74. Rf7 Kd5 75. Kd2 Rc4 76. Rg7 Ke5 77. Re7+ Kd6 78. Rg7 Rxc7 79. Rxg6+ Ke5 80. Ke3 Kf5 81. Rg8 Rc6 82. Kf3 Rg6 83. Rxg6 Kxg6 84. Kg4 Kg7 85. Kh5 Kh7 86. g6+ Kg7 87. Kg5 Kg8 88. Kh6 Kh8 89. g7+ Kg8 90. Kg6 1/2-1/2

[Event "Berliner Sommer"]
[Site "Berlin"]
[Date "1996.??.??"]
[Round "9"]
[White "Ruzele, Darius"]
[Black "Bykhovsky, Anatoly A"]
[Result "1-0"]
[WhiteElo "2520"]
[BlackElo "2430"]
[PlyCount "55"]
[EventDate "1996.08.??"]
[Source "ChessBase"]

1. d4 d5 2. c4 e6 3. Nc3 Be7 4. Nf3 Nf6 5. Bg5 O-O 6. e3 h6 7. Bh4 Ne4 8. Bxe7 Qxe7 9. cxd5 Nxc3 10. bxc3 exd5 11. Qb3 Rd8 12. Be2 c5 13. O-O Nc6 14. dxc5 Qxc5 15. Rfd1 b6 16. Nd4 Bb7 17. Rac1 Rac8 18. Nf5 d4 19. Nxd4 Nxd4 20. exd4 Qg5 21. Bf1 Rd6 22. c4 Rxd4 23. Rxd4 Qxc1 24. c5 Rc7 25. Rd8+ Kh7 26. Qd3+ g6 27. Qd4 f6 28. Rd7+ 1-0

[Event "Acropolis 2006 Open Section"]
[Site "http://www.chessfed.gr/Acropo"]
[Date "2006.08.20"]
[Round "8.9"]
[White "Grivas, Efstratios"]
[Black "Managadze, Nikoloz"]
[Result "1/2-1/2"]
[WhiteElo "2496"]
[BlackElo "2444"]
[PlyCount "56"]
[EventDate "2006.08.13"]
[Source "www.chesslib.no"]
[SourceDate "2004.05.04"]

1. d4 Nf6 2. c4 e6 3. Nf3 d5 4. Nc3 Be7 5. Bg5 h6 6. Bh4 O-O 7. e3 Ne4 8. Bxe7 Qxe7 9. cxd5 Nxc3 10. bxc3 exd5 11. Qb3 c6 12. Bd3 Be6 13. O-O b6 14. c4 Nd7 15. Rac1 Rac8 16. Rfd1 Rfd8 17. h3 Qf6 18. Nd2 Nf8 19. cxd5 Rxd5 20. Bc4 Ra5 21. Qc2 Bxc4 22. Nxc4 Rd5 23. Nd2 c5 24. Ne4 Qg6 25. dxc5 Rxd1+ 26. Rxd1 Rxc5 27. Qd3 Ra5 28. Rd2 Ne6 1/2-1/2

[Event "FRA-ch"]
[Site "France"]
[Date "1996.??.??"]
[Round "1"]
[White "Relange, Eloi"]
[Black "Marciano, David"]
[Result "1/2-1/2"]
[WhiteElo "2450"]
[BlackElo "2480"]
[PlyCount "33"]
[EventDate "1996.??.??"]
[Source "ChessBase"]

1. d4 Nf6 2. Nf3 d5 3. c4 e6 4. Nc3 Be7 5. Bg5 h6 6. Bh4 O-O 7. e3 Ne4 8. Bxe7 Qxe7 9. cxd5 Nxc3 10. bxc3 exd5 11. Qb3 Rd8 12. c4 dxc4 13. Bxc4 Nc6 14. Be2 b6 15. O-O Bb7 16. Rac1 Rac8 17. h3 1/2-1/2

[Event "CGT (tournoi)"]
[Site "?"]
[Date "2003.12.17"]
[Round "7.4"]
[White "Fiorito Fabian"]
[Black "Slipak Sergio David ARG"]
[Result "1/2-1/2"]
[WhiteElo "2420"]
[BlackElo "2503"]
[PlyCount "23"]
[EventDate "2003.??.??"]
[Source "www.chesslib.no"]
[SourceDate "2004.05.04"]

1. d4 d5 2. c4 e6 3. Nc3 Nf6 4. Bg5 Be7 5. Nf3 O-O 6. e3 h6 7. Bh4 Ne4 8. Bxe7 Qxe7 9. cxd5 Nxc3 10. bxc3 exd5 11. Qb3 Rd8 12. Be2 1/2-1/2

[Event "Ciocaltea mem"]
[Site "Bucharest"]
[Date "1998.??.??"]
[Round "8"]
[White "Florean, Andrei"]
[Black "Yegiazarian, Arsen"]
[Result "1/2-1/2"]
[WhiteElo "2455"]
[BlackElo "2455"]
[PlyCount "94"]
[EventDate "1998.02.??"]
[Source "ChessBase"]
[SourceDate "1998.06.15"]

1. d4 Nf6 2. c4 e6 3. Nc3 d5 4. Nf3 Be7 5. Bg5 h6 6. Bh4 O-O 7. e3 Ne4 8. Bxe7 Qxe7 9. cxd5 Nxc3 10. bxc3 exd5 11. Bd3 c5 12. dxc5 Qxc5 13. Rc1 Nc6 14. h3 Qa5 15. Qd2 Bd7 16. O-O Rad8 17. Rfd1 Bc8 18. Bb1 Qc7 19. Qc2 g6 20. Qa4 a6 21. Qh4 Kg7 22. Nd4 Qe7 23. Qxe7 Nxe7 24. Bd3 Rd6 25. Rb1 Rfd8 26. Kf1 R6d7 27. Ke2 Rc7 28. Kd2 Ng8 29. Rb4 Nf6 30. f3 Nd7 31. Rdb1 Kf8 32. g4 Ke7 33. h4 Nc5 34. Bc2 b5 35. Rh1 Ne6 36. Rc1 Nxd4 37. Rxd4 g5 38. h5 Rc5 39. a4 bxa4 40. Rxa4 Rd6 41. Rca1 Rb5 42. R1a2 Rdb6 43. Kc1 Rc5 44. R2a3 Kd6 45. Bd3 Ke5 46. Be2 Kf6 47. Bxa6 Bxa6 1/2-1/2

[Event "Russia"]
[Site "?"]
[Date "1999.??.??"]
[Round "?"]
[White "Kalin, V."]
[Black "Bezgodov, A."]
[Result "1/2-1/2"]
[WhiteElo "2355"]
[BlackElo "2555"]
[PlyCount "40"]
[EventDate "1999.??.??"]
[Source "Chess Informant"]
[SourceDate "1999.06.01"]

1. d4 d5 2. c4 e6 3. Nc3 Be7 4. Nf3 Nf6 5. Bg5 h6 6. Bh4 O-O 7. e3 Ne4 8. Bxe7 Qxe7 9. cxd5 Nxc3 10. bxc3 exd5 11. Qb3 Rd8 12. c4 c5 13. cxd5 cxd4 14. Nxd4 Nc6 15. Rd1 Na5 16. Qb5 Qc7 17. Nb3 Nxb3 18. axb3 Qc3+ 19. Rd2 Qa1+ 20. Rd1 Qc3+ 1/2-1/2

[Event "WchT 3rd"]
[Site "Luzern"]
[Date "1993.??.??"]
[Round "9"]
[White "Eingorn, Vereslav S"]
[Black "Li Wenliang"]
[Result "1/2-1/2"]
[WhiteElo "2580"]
[BlackElo "2330"]
[PlyCount "94"]
[EventDate "1993.10.??"]
[Source "ChessBase"]

1. d4 d5 2. c4 e6 3. Nf3 Nf6 4. Nc3 Be7 5. Bg5 O-O 6. e3 h6 7. Bh4 Ne4 8. Bxe7 Qxe7 9. cxd5 Nxc3 10. bxc3 exd5 11. Bd3 c5 12. O-O Nc6 13. Rb1 Be6 14. dxc5 Rab8 15. Qa4 Qxc5 16. Rfc1 Rfc8 17. Nd4 Bd7 18. Nxc6 Bxc6 19. Qg4 Qd6 20. Qd4 Qe7 21. Bc2 b6 22. Bb3 Qc5 23. Rc2 Ba8 24. Rbc1 Rc7 25. h3 Rbc8 26. Qf4 Qe7 27. Rd1 Rc5 28. Rcd2 Rxc3 29. Bxd5 Bxd5 30. Rxd5 Rc1 31. Qd4 Rxd1+ 32. Qxd1 Qa3 33. Rd8+ Rxd8 34. Qxd8+ Kh7 35. Qd5 Qc1+ 36. Kh2 Qc7+ 37. f4 g5 38. Kg3 Qe7 39. Kf3 Kg7 40. Qd4+ Kg8 41. Qd5 gxf4 42. exf4 Qa3+ 43. Kg4 Qb2 44. Kf5 Qc2+ 45. Kf6 Qc3+ 46. Kf5 Qc2+ 47. Kf6 Qc3+ 1/2-1/2

[Event "Hannover"]
[Site "Hannover GER"]
[Date "1976.??.??"]
[Round "3"]
[White "Ornstein, Axel O"]
[Black "Bednarski, Jacek B"]
[Result "0-1"]
[WhiteElo "2470"]
[BlackElo "2425"]
[PlyCount "70"]
[EventDate "1976.??.??"]
[Source "www.chesslib.no"]
[SourceDate "2004.05.04"]

1. d4 e6 2. c4 d5 3. Nc3 Be7 4. Nf3 Nf6 5. Bg5 O-O 6. e3 h6 7. Bh4 Ne4 8. Bxe7 Qxe7 9. cxd5 Nxc3 10. bxc3 exd5 11. Qb3 Rd8 12. c4 Nc6 13. cxd5 Na5 14. Qc3 b6 15. Ne5 Rxd5 16. Be2 Bb7 17. Bf3 Rd6 18. Bxb7 Nxb7 19. Rd1 c5 20. d5 Re8 21. Nc4 Rd7 22. O-O b5 23. Nb2 Qe5 24. Qb3 a6 25. Nd3 Qd6 26. Nf4 c4 27. Qc3 Nc5 28. Rd4 Ne4 29. Qc2 Nf6 30. Rfd1 Re5 31. Ne2 Rxd5 32. Rxd5 Nxd5 33. e4 Qg6 34. Rxd5 Rxd5 35. Nf4 Qxe4 0-1

[Event "Sarajevo"]
[Site "?"]
[Date "1980.04.02"]
[Round "15"]
[White "Szekely Peter"]
[Black "Lengyel Levente"]
[Result "1/2-1/2"]
[WhiteElo "2440"]
[BlackElo "2445"]
[PlyCount "22"]
[EventDate "1980.??.??"]
[Source "www.chesslib.no"]
[SourceDate "2004.05.04"]

1. c4 e6 2. Nc3 d5 3. d4 Nf6 4. Nf3 Be7 5. Bg5 O-O 6. e3 h6 7. Bh4 Ne4 8. Bxe7 Qxe7 9. cxd5 Nxc3 10. bxc3 exd5 11. Be2 c5 1/2-1/2

[Event "Quito"]
[Site "Quito"]
[Date "1975.??.??"]
[Round "7"]
[White "Rubinetti, Jorge Alberto"]
[Black "Rossetto, Hector"]
[Result "1/2-1/2"]
[WhiteElo "2440"]
[BlackElo "2430"]
[PlyCount "36"]
[EventDate "1975.??.??"]
[Source "ChessBase"]

1. c4 e6 2. Nf3 Nf6 3. Nc3 d5 4. d4 Be7 5. Bg5 h6 6. Bh4 O-O 7. e3 Ne4 8. Bxe7 Qxe7 9. cxd5 Nxc3 10. bxc3 exd5 11. Qb3 c6 12. c4 dxc4 13. Bxc4 Nd7 14. O-O Nb6 15. Be2 Be6 16. Qc2 Rfd8 17. Rfc1 Nd5 18. Qb2 Bf5 1/2-1/2

[Event "EU-chT (Men)"]
[Site "Batumi"]
[Date "1999.12.02"]
[Round "4.1"]
[White "Jobava, Baadur"]
[Black "Marciano, David"]
[Result "1-0"]
[WhiteElo "2330"]
[BlackElo "2529"]
[PlyCount "145"]
[EventDate "1999.11.06"]
[Source "ChessBase"]
[SourceDate "2000.02.01"]

1. d4 Nf6 2. c4 e6 3. Nf3 d5 4. Nc3 Be7 5. Bg5 h6 6. Bh4 O-O 7. e3 Ne4 8. Bxe7 Qxe7 9. cxd5 Nxc3 10. bxc3 exd5 11. Qb3 Rd8 12. c4 dxc4 13. Bxc4 Nc6 14. Qc3 Bg4 15. O-O Bxf3 16. gxf3 Qf6 17. Be2 Rac8 18. Rac1 Ne7 19. Kh1 b6 20. Qb4 Rd5 21. Rg1 c5 22. dxc5 Rdxc5 23. Rxc5 Rxc5 24. Qe4 g6 25. Rd1 Kg7 26. f4 Nf5 27. Kg1 Nh4 28. Kf1 Nf5 29. Rd7 a5 30. a4 h5 31. Kg2 Nh4+ 32. Kh3 Nf5 33. Kg2 Nh4+ 34. Kf1 Nf5 35. Bd1 Nh4 36. Ke2 Nf5 37. Kf1 Nh4 38. Qe8 Rc1 39. Rd8 Kh7 40. Ke2 Qb2+ 41. Rd2 Qf6 42. Rd7 Kg7 43. Rd8 Kh7 44. Qg8+ Kh6 45. Bb3 Rc3 46. Rd6 Qg7 47. Qxg7+ Kxg7 48. Rxb6 Rc7 49. Rb5 Ra7 50. Bc2 Kf6 51. Re5 Nf5 52. Bxf5 gxf5 53. Kf3 Kg6 54. Kg3 Ra6 55. Kh4 Ra8 56. Rc5 f6 57. Rb5 Ra7 58. Kg3 Ra8 59. h4 Ra7 60. Kf3 Ra8 61. Ke2 Ra7 62. Rd5 Ra8 63. Kd3 Ra7 64. f3 Rb7 65. Rxa5 Rb3+ 66. Kd4 Ra3 67. Ra8 Kf7 68. a5 Ra4+ 69. Kd5 Ra3 70. a6 Kg7 71. a7 Ra6 72. e4 Ra1 73. e5 1-0

[Event "Polanica Zdroj Open"]
[Site "Polanica Zdroj POL"]
[Date "1993.??.??"]
[Round "10"]
[White "Murdzia, Piotr"]
[Black "Korneev, Oleg"]
[Result "1/2-1/2"]
[WhiteElo "2365"]
[BlackElo "2490"]
[PlyCount "121"]
[EventDate "1993.08.??"]
[Source "www.chesslib.no"]
[SourceDate "2004.05.04"]

1. d4 d5 2. c4 e6 3. Nc3 Be7 4. Nf3 Nf6 5. Bg5 h6 6. Bh4 O-O 7. e3 Ne4 8. Bxe7 Qxe7 9. cxd5 Nxc3 10. bxc3 exd5 11. Qb3 Rd8 12. Be2 c5 13. dxc5 Qxc5 14. O-O b6 15. c4 Ba6 16. Rac1 Rc8 17. Ne5 Qe7 18. Qb2 Re8 19. Nf3 dxc4 20. Bxc4 Bb7 21. Rfd1 Bxf3 22. gxf3 Nd7 23. Bb5 Red8 24. Bc6 Rab8 25. Bxd7 Rxd7 26. Rxd7 Qxd7 27. Rc4 Qd5 28. Rg4 g6 29. Qb3 Rd8 30. Rd4 Qg5+ 31. Rg4 Qf6 32. Rf4 Qe7 33. Re4 Qc7 34. Rc4 Rd1+ 35. Kg2 Qd8 36. h4 Kg7 37. Rf4 Rd7 38. Qc3+ Kh7 39. Qc4 Qe7 40. Re4 Qc5 41. Qb3 Re7 42. Rc4 Qd5 43. Qc3 Qe5 44. Qxe5 Rxe5 45. Rc7 Kg7 46. Rxa7 Rb5 47. a4 Rb4 48. h5 g5 49. Kg3 b5 50. axb5 Rxb5 51. Ra4 Rb1 52. Kg2 Rb5 53. Ra6 Rc5 54. Rd6 Rb5 55. e4 Ra5 56. Kg3 Ra1 57. Kg2 Ra5 58. Rd1 Rb5 59. Kg3 Rb2 60. f4 gxf4+ 61. Kxf4 1/2-1/2